Uppers, downers, all arouders: Physical and mental effects of psychoactive drugs

Wedi'i Gadw mewn:
Manylion Llyfryddiaeth
Prif Awdur: Darry S Inaba
Fformat: Llyfr
Iaith:Undetermined
Cyhoeddwyd: Ashland, Orlando CNS 1994
Pynciau:
Tagiau: Ychwanegu Tag
Dim Tagiau, Byddwch y cyntaf i dagio'r cofnod hwn!
Thư viện lưu trữ: Trung tâm Học liệu Trường Đại học Cần Thơ
LEADER 00601nam a2200181Ia 4500
001 CTU_43245
008 210402s9999 xx 000 0 und d
082 |a 615.78 
082 |b I.35 
100 |a Darry S Inaba 
245 0 |a Uppers, downers, all arouders: Physical and mental effects of psychoactive drugs 
245 0 |c Darry S Inaba, William E Cohen 
260 |a Ashland, Orlando 
260 |b CNS 
260 |c 1994 
650 |a behavior - drug effects,psychopharmacology,psychotropic drugs - therapeutic use 
904 |i Minh, 010901 
980 |a Trung tâm Học liệu Trường Đại học Cần Thơ